000 00340 a2200145 4500
999 _c12108
_d12108
003 OSt
005 20231223130409.0
008 231223b ||||| |||| 00| 0 eng d
020 _a9788957707555
082 _a711.4
100 _aLee, Hwa-Jeong
245 _aI.Focus : facade detail Vol-1
260 _bSeoul Archworld
_c2021
942 _2ddc